Global governance
Αποθηκεύτηκε σε:
| Άλλοι συγγραφείς: | |
|---|---|
| Μορφή: | Βιβλίο |
| Γλώσσα: | English |
| Δημοσίευση: |
[Aldershot, England ; Burlington, VT] :
Ashgate,
[c2008]
|
| Θέματα: | |
| Ετικέτες: |
Προσθήκη ετικέτας
Δεν υπάρχουν, Καταχωρήστε ετικέτα πρώτοι!
|
MARC
| LEADER | 00000cam a2200000 i 4500 | ||
|---|---|---|---|
| 001 | 1/6710 | ||
| 008 | 100420s2008 eng d | ||
| 020 | |a 978-0-7546-2744-9 (hbk.) | ||
| 035 | |l 10107606 | ||
| 040 | |a GR-MY-UA |b gre |e aacr | ||
| 041 | 0 | |a eng | |
| 082 | 0 | |a 327.101 |2 (22) | |
| 245 | 1 | 0 | |a Global governance / |c edited by Lisa Martin |
| 260 | |a [Aldershot, England ; Burlington, VT] : |b Ashgate, |c [c2008] | ||
| 300 | |a xxi, 582 σ.; |c 25 εκ. | ||
| 504 | |a Περιλαμβάνει βιβλιογραφίες και ευρετήριο | ||
| 650 | 0 | 0 | |a International organization. |
| 650 | 0 | 0 | |a International cooperation. |
| 650 | 0 | 0 | |a International relations |x Philosophy. |
| 700 | 1 | |a Martin, Lisa L., |d 1961- |4 edt | |
| 852 | |a INST |b RHODES |e 20100420 |h 327.101 GLO |p 005400032665 |q 005400032665 |t BK |y 0 | ||
| 901 | |a BIBL4-2010-1 | ||
| 909 | |a Ρ |b 159880 | ||
| 970 | |a ΚΟΖΑ |b ΜΑΡΙΑ |z 2010/04/20 | ||